Seed production of agricultural crops /

Bibliographic Details
Main Author: Kelly, A. Fenwick
Format: Book
Language:English
Published: Harlow, Essex, England : New York : Longman Scientific & Technical ; Wiley, 1988.
Subjects:

MARC

Tag First Indicator Second Indicator Subfields
LEADER 00000cam a2200000 a 4500
001 in00000032186
005 20151007060423.0
008 870306s1988 enka b 00110 eng
010 |a  87002923  
020 |a 058240410X 
020 |a 0470208619 (Wiley) 
035 |a (OCoLC)15630610 
035 |9 AAC0807AM 
040 |a DLC  |c DLC  |d TXA  |d UtOrBLW 
049 |a TXAM  |c [A11508937] 
050 0 0 |a SB117  |b .K45 1988 
082 0 |a 631.5/21  |2 19 
100 1 |a Kelly, A. Fenwick. 
245 1 0 |a Seed production of agricultural crops /  |c A. Fenwick Kelly. 
264 1 |a Harlow, Essex, England :  |b Longman Scientific & Technical ;  |a New York :  |b Wiley,  |c 1988. 
300 |a 227 pages :  |b illustrations ;  |c 24 cm. 
336 |a text  |b txt  |2 rdacontent 
337 |a unmediated  |b n  |2 rdamedia 
338 |a volume  |b nc  |2 rdacarrier 
504 |a Bibliography: pages [218]-222. 
500 |a Includes index. 
650 0 |a Seed technology. 
650 0 |a Field crops  |x Seeds. 
999 |a MARS 
999 f f |s b6d8424c-2ec1-3b30-a124-055f9179e4ad  |i d74ab24f-cfb3-3c66-b7ca-811adc474198  |t 0 
952 f f |p ric  |a Texas A&M University  |b Rellis Campus  |c Joint Library Facility  |d Remote Storage  |t 0  |e SB117 .K45 1988  |h Library of Congress classification  |i unmediated -- volume  |m A14811508937 
998 f f |a SB117 .K45 1988  |t 0  |l Remote Storage